003930000a2200145000450000500170000094200090001710000120002624500280003826000360006630000210010204000080012336500110013199900190014295200860016120120302065407.0 cBOOK a abc a 2500 Years of Buddhism aNew Delhi: Govt. of India, 1956 axxiv; 439p..-ill aEng b8.70/- c364671d364668 00104070aIOSbIOSd2009-12-02l0pIOS-E 25727r2009-12-02 00:00:00w2009-12-02